| 000 | 00549nam a22002057a 4500 | ||
|---|---|---|---|
| 003 | OSt | ||
| 005 | 20140315085406.0 | ||
| 008 | 121120t xxu||||| |||| 00| 0 eng d | ||
| 020 | _a9780590462259 | ||
| 050 |
_aPZ 7 _b.P485 1967 |
||
| 100 |
_aPeterson, John _94724 |
||
| 245 |
_aThe Littles / _cJohn Peterson; Interior Illustrations by Roberta Carter Clark. |
||
| 260 |
_aNew York, NY : _bScholastic Inc., _cc1967. |
||
| 300 |
_a80 p. : _bill. ; _c19 cm. |
||
| 521 | _aG2 | ||
| 526 | _c460 | ||
| 562 | _e3 | ||
| 942 |
_2lcc _cBK |
||
| 999 |
_c47404 _d47404 |
||